| 000 | 00651nam a2200181 a 4500 | ||
|---|---|---|---|
| 005 | 20140412111330.0 | ||
| 008 | 030210s19uu xx 00 eng d | ||
| 020 | _a971-630-099-9 | ||
| 050 |
_aTR(PS E _bTu79 1998 |
||
| 100 | _aJimenez, Gidget R. | ||
| 245 |
_aTubble wubble : _bthe clumsy little turtle / _cby Gidget R. Jimenez ; pictures by Pepper Roxas. |
||
| 260 |
_aMakati City, Philippines : _bTahanan Books, _c1998. |
||
| 300 | _a1 v. (unp.) ; ill. | ||
| 520 | _aTubble wubble is a turtle who is always in trouble. Why oh why can't he ever do anything right? | ||
| 650 | _aTurtles--Fiction | ||
| 650 | _aChildren stories | ||
| 999 |
_c104907 _d104907 |
||